Jivana Jokali : Gangigauri samvada. (Record no. 107478)

MARC details
000 -LEADER
fixed length control field 00653nam a2200205Ia 4500
003 - CONTROL NUMBER IDENTIFIER
control field OSt
005 - DATE AND TIME OF LATEST TRANSACTION
control field 20251004102118.0
008 - FIXED-LENGTH DATA ELEMENTS--GENERAL INFORMATION
fixed length control field 210210b1976 xxu||||| |||| 00| 0 eng d
040 ## - CATALOGING SOURCE
Transcribing agency AL
041 ## - LANGUAGE CODE
Language code of text/sound track or separate title Kannada
082 ## - DEWEY DECIMAL CLASSIFICATION NUMBER
Classification number 398.2K SUNJ
100 ## - MAIN ENTRY--PERSONAL NAME
Personal name SUNKAPURA (M S). ed.
Dates associated with a name ಸುಂಕಾಪುರ (ಎಂ. ಎಸ್.)
9 (RLIN) 241561
245 ## - TITLE STATEMENT
Title Jivana Jokali : Gangigauri samvada.
Remainder of title ಜೀವನ ಜೋಕಾಲಿ : ಗಂಗಿಗೌರಿ ಸಂವಾದ.
260 ## - PUBLICATION, DISTRIBUTION, ETC.
Place of publication, distribution, etc. Dharavada
Name of publisher, distributor, etc. Karnataka Vishvavidyalaya.
Date of publication, distribution, etc. 1976
300 ## - PHYSICAL DESCRIPTION
Extent xix,151
650 ## - SUBJECT ADDED ENTRY--TOPICAL TERM
Topical term or geographic name entry element Kannada Folklore
9 (RLIN) 241562
690 ## - LOCAL SUBJECT ADDED ENTRY--TOPICAL TERM (OCLC, RLIN)
Topical term or geographic name as entry element Folklore
9 (RLIN) 241563
906 ## - LOCAL DATA ELEMENT F, LDF (RLIN)
a 060463
942 ## - ADDED ENTRY ELEMENTS (KOHA)
Source of classification or shelving scheme Dewey Decimal Classification
Koha item type Book
Holdings
Withdrawn status Lost status Source of classification or shelving scheme Damaged status Not for loan Collection code Home library Current library Date acquired Source of acquisition Cost, normal purchase price Total Checkouts Full call number Barcode Date last seen Price effective from Koha item type
    Dewey Decimal Classification     Kannada St Aloysius Library St Aloysius Library 02/17/2021 Prasaranga Karnataka Vishvavidyalaya 13.00   398.2K SUNJ 060463 02/17/2021 02/17/2021 Book